Continuation of the national emergency with respect to Sierra Leone and Liberia : communication from the President of the United States transmitting notification that the Sierra Leone and Liberia emergency is to continue in effect beyond January 18, 2002, pursuant to 50 U.S.C. 1622(d).

Bibliographic Details
Corporate Authors: United States. President (2001-2009 : Bush), United States. Congress. House. Committee on International Relations
Other Authors: Bush, George W. (George Walker), 1946-
Format: Government Document Book
Language:English
Published: Washington : U.S. G.P.O., 2002.
Series:House document (United States. Congress. House) ; 107-165.
Subjects:
Online Access:Text version:
Adobe Acrobat Reader required

MARC

Tag First Indicator Second Indicator Subfields
LEADER 00000cam a2200000 a 4500
001 in00001664028
005 20220106090939.0
008 020225s2002 dcu f000 0 eng c
035 |a (OCoLC)ocm49321826 
040 |a GPO  |c GPO  |d DLC  |d MvI  |d UtOrBLW 
042 |a pcc 
043 |a n-us---  |a f-sl---  |a f-lb--- 
049 |a UDOC  |a WWW 
074 |a 0996-A 
074 |a 0996-A (online) 
074 |a 0996-B (MF) 
074 |a 0996-B (online) 
086 0 |a Y 1.1/7:107-165 
110 1 |a United States.  |b President (2001-2009 : Bush) 
245 1 0 |a Continuation of the national emergency with respect to Sierra Leone and Liberia :  |b communication from the President of the United States transmitting notification that the Sierra Leone and Liberia emergency is to continue in effect beyond January 18, 2002, pursuant to 50 U.S.C. 1622(d). 
264 1 |a Washington :  |b U.S. G.P.O.,  |c 2002. 
300 |a 3 pages ;  |c 24 cm. 
336 |a text  |b txt  |2 rdacontent 
337 |a unmediated  |b n  |2 rdamedia 
338 |a volume  |b nc  |2 rdacarrier 
490 1 |a House document / 107th Congress, 2d session ;  |v 107-165 
500 |a "Referred to the Committee on International Relations." 
500 |a Distributed to some depository libraries in microfiche. 
500 |a "January 23, 2002." 
500 |a Shipping list number: 2002-0114-P. 
500 |a Shipping List Date: 02/21/2002 
530 |a Also available via Internet from the GPO Access web site. Addresses as of 3/5/02: http://frwebgate.access.gpo.gov/cgi-bin/getdoc.cgi?dbname=107c̲ongd̲ocuments&docid=f:hd165.107 (text version), http://frwebgate.access.gpo.gov/cgi-bin/getdoc.cgi?dbname=107c̲ongd̲ocuments&docid=f:hd165.107.pdf (PDF version); current access is available via PURLs. 
650 0 |a Economic sanctions, American  |z Sierra Leone. 
650 0 |a Economic sanctions, American  |z Liberia. 
651 0 |a United States  |x Foreign economic relations  |z Sierra Leone. 
651 0 |a Sierra Leone  |x Foreign economic relations  |z United States. 
651 0 |a United States  |x Foreign economic relations  |z Liberia. 
651 0 |a Liberia  |x Foreign economic relations  |z United States. 
700 1 |a Bush, George W.  |q (George Walker),  |d 1946- 
710 1 |a United States.  |b Congress.  |b House.  |b Committee on International Relations. 
830 0 |a House document (United States. Congress. House) ;  |v 107-165. 
856 4 1 |3 Text version:  |u https://purl.fdlp.gov/GPO/LPS17976  |t 0 
856 4 1 |3 PDF version:  |u https://purl.fdlp.gov/GPO/LPS17977  |z Adobe Acrobat Reader required  |t 0 
999 |a MARS 
999 f f |s e0a8fccd-c6ec-3ce3-8f6c-c95aa71b9a43  |i 925a04c9-1038-3a8f-8f41-7a518646e498  |t 0 
952 f f |a Texas A&M University  |b College Station  |c Electronic Resources  |d Available Online  |t 0  |e Y 1.1/7:107-165  |h Superintendent of Documents classification 
998 f f |a Y 1.1/7:107-165  |t 0  |l Available Online